El ritmo musical: su origen, función y acentuación
Gespeichert in:
| 1. Verfasser: | |
|---|---|
| Format: | Buch |
| Sprache: | Spanisch |
| Veröffentlicht: |
Buenos Aires
Ricordi Americana
1945
|
| Schriftenreihe: | BA 8972
|
| Schlagworte: | |
| Tags: |
Tag hinzufügen
Keine Tags, Fügen Sie den ersten Tag hinzu!
|
MARC
| LEADER | 00000nam a2200000 a 4500 | ||
|---|---|---|---|
| 001 | UCL5541 | ||
| 003 | CL-VaPUC | ||
| 008 | 040312e19450000AG |||||||||||||||||spa|d | ||
| 082 | 0 | 4 | |a 781.224 |b LUS |2 21 |
| 100 | |a Lussy, Mathis |e autor |9 483254 | ||
| 245 | 1 | 3 | |a El ritmo musical: su origen, función y acentuación |
| 300 | |a 215 p | ||
| 942 | |c BK | ||
| 945 | |d 20040312 00:00:00 |a cmena | ||
| 260 | |a Buenos Aires |b Ricordi Americana |c 1945 | ||
| 650 | 0 | |a Teoría musical |9 265760 | |
| 650 | 7 | |a RITMO MUSICAL |2 CL-VaPUC |9 483255 | |
| 650 | 0 | |a Composición musical |9 306660 | |
| 583 | |a last modification |c 20040312 00:00:00 |k Rodrigo Vera | ||
| 490 | 0 | |a BA 8972 | |
| 999 | |c 308066 |d 308064 | ||
| 952 | |0 0 |1 0 |4 0 |6 781_224000000000000_LUS_1945 |7 0 |8 A |9 374298 |a BIBEDU |b BIBEDU |d 2019-11-21 |i 3982084 |o 781.224 LUS 1945 |p 3982084 |r 2023-01-12 |w 2019-11-21 |y BK |k MUS | ||